| 000 | 006230000a22001810004500 | ||
|---|---|---|---|
| 003 | MACL | ||
| 005 | 20160607163513.0 | ||
| 008 | 160607b xxu||||| |||| 00| 0 eng d | ||
| 040 |
_aMACL _cMACL |
||
| 041 | _aHindi | ||
| 082 | _a920 | ||
| 100 |
_aहेस्से, हेरमन _960093 |
||
| 245 |
_aभगवान बुद्ध चित्रमय जीवनी _cहेरमन हेस्से |
||
| 260 |
_bबाल शिक्षा पुस्तक संस्थान _c2006 _aदिल्ली |
||
| 350 | _a200 | ||
| 650 |
_aBiography _962853 |
||
| 942 |
_cHIN _k920/PAN _2ddc |
||
| 999 |
_c18699 _d18699 |
||